• 首页
  • 本馆介绍
  • 公告通知
  • 最新文献
  • 馆藏检索
  • 电子资源
  • 读者导购
  • 参考咨询
  • 我的图书馆
  • 登录
  • 详细信息显示
  • 放入我的书架
  • 预约/预借图书
  • 作者相关作品
  • 分类相关作品
  • 丛书相关作品
  • 出版社相关作品

书目信息

  • 表格格式
  • 工作单格式
  • 卡片格式
题名:
光电显示原理与技术
    
 
作者: 邹开顺 , 王辅忠 主编
分册:  
出版信息: 北京   国防工业出版社  2016
页数: 208页
开本: 26cm
丛书名:
单 册:
中图分类: TN27
科图分类:
主题词: 显示--教材--高等教育--光电子技术
电子资源:
ISBN: 978-7-118-10179-9
000 01286nam0 2200265 450
001 563
005 20160905103406.73
010    @a978-7-118-10179-9@dCNY40.00
100    @a20151218d2016 em y0chiy50 ea
101 0  @achi
102    @aCN@b110000
105    @aa z 000yy
200 1  @a光电显示原理与技术@9guang dian xian shi yuan li yu ji shu@f邹开顺,王辅忠主编
210    @a北京@c国防工业出版社@d2016
215    @a208页@c图@d26cm
300    @a“十二五”普通高等教育规划教材
312    @a封面英文题名:Principles and technology of photoelectric display
330    @a全书分3卷,共11章。第一卷“光电显示的基本原理和技术”,内容涉及:显示技术概论,光度学与色度学基础,阴极射线致发光显示等内容;第二卷“‘光电显示原理与技术’课程的应用”,引导学生运用显示、数电、模电、单片机、传感器等知识设计制作“液晶显示系列学生作品”;第三卷“光电显示行业——直通职场”,对光电显示类企业人才需求进行跟踪,对行业内知名企业进行归纳介绍,使学生对行业现状及发展趋势有所了解,进而了解企业岗位职责和要求。
510 1  @aPrinciples and technology of photoelectric display@zeng
606 0  @a显示@j教材@x高等教育@x光电子技术
690    @aTN27@v5
701  0 @a邹开顺@9zou kai shun@4主编
701  0 @a王辅忠@9wang fu zhong@4主编
801  0 @aCN@b唐山师范学院图书馆@c20160722
905    @aZUCC@dTN27@e87
    
    光电显示原理与技术/邹开顺,王辅忠主编.-北京:国防工业出版社,2016
    208页:图;26cm
    “十二五”普通高等教育规划教材
    
    ISBN 978-7-118-10179-9:CNY40.00
    全书分3卷,共11章。第一卷“光电显示的基本原理和技术”,内容涉及:显示技术概论,光度学与色度学基础,阴极射线致发光显示等内容;第二卷“‘光电显示原理与技术’课程的应用”,引导学生运用显示、数电、模电、单片机、传感器等知识设计制作“液晶显示系列学生作品”;第三卷“光电显示行业——直通职场”,对光电显示类企业人才需求进行跟踪,对行业内知名企业进行归纳介绍,使学生对行业现状及发展趋势有所了解,进而了解企业岗位职责和要求。
●
相关链接 在E读中查询图书 在五车中查询图书 在当当中查询图书 在豆瓣中查询图书


正题名:光电显示原理与技术     索取号:TN27/87         预约/预借

序号 登录号 条形码 馆藏地/架位号 状态 备注
1 902401   209024018   第二样本阅览室/ [索取号:TN27/87] 在馆    
2 902402   209024027   第三借阅区/ [索取号:TN27/87] 在馆    
3 902403   209024036   第三借阅区/ [索取号:TN27/87] 在馆    
4 902404   209024045   第三借阅区/ [索取号:TN27/87] 在馆    
5 902405   209024054   密集书库-物理学院/ [索取号:TN27/87] 在馆    
唐山师范学院图书馆 欢迎您!
大连网信软件有限公司© 版权所有